000 00763nam a2200241 a 4500
001 BRCA_3794
005 20190320204427.0
008 151109s1951----mx-a---###---#000-0#spa-#
041 _aspa
044 _amx
050 4 _aNA4425
_b.F47 1951
100 1 _aFernández, Justino.
_9906
245 1 0 _aEl Palacio de Minería
_cJustino Fernández.
260 _aMéxico
_bUNAM, Instituto de Investigaciones Estéticas
_c1951.
300 _a81 p.
_bil. , 22 láminas
_c20 cm.
440 0 _aEdiciones del iv Centenario de la Universidad de México
_n4
_99885
500 _aIncluye índice de ilustraciones.
500 _aB153
610 2 4 _aPalacio de Minería
_z(Ciudad de México).
_95363
650 1 4 _aArquitectura
_zMéxico.
_9596
902 _aGFM
942 _2lcc
_cB
999 _c3523
_d3523